| 000 | 00459nam a2200205Ia 4500 | ||
|---|---|---|---|
| 003 | 0100 | ||
| 008 | 130303s9999 xx 000 0 und d | ||
| 040 | _cARRUPELIB | ||
| 050 | _aR726.E77531999 | ||
| 100 | _aLeone, Daniel A | ||
| 245 | 4 | _aThe Ethics of Euthanasia | |
| 260 | _aCalifornia | ||
| 260 | _bGreenhaven press | ||
| 260 | _C1999 | ||
| 300 | _a88p. | ||
| 300 | _b23cm | ||
| 650 | _bReligions | ||
| 700 | _aby Daniel A. Leone | ||
| 942 | 0 | 0 | _03 |
| 999 |
_c11847 _d11847 |
||